000 00435nam a2200145Ia 4500
008 231129s2007||||xx |||||||||||||| ||spa||
020 _a978-958-45-0437-1
040 _bspa
082 _aR 610.9861 H673
100 _aQuevedo V. Emilio
245 0 _aHistoria de la medicina en Colombia
260 _c2007
264 _aBogotá Colombia: Grupo Editorial Norma; Tecnoquí­micas
942 _2ddc
_cBKS
999 _c15142
_d15142